|
|
|
|
| LEADER |
00000nam a2200000 i 4500 |
| 001 |
1/74298 |
| 008 |
080212s2006 eng d |
| 020 |
|
|
|a 0-534-51272-0
|
| 035 |
|
|
|l 10094607
|
| 040 |
|
|
|a GR-MY-UA
|b gre
|e aacr
|
| 041 |
0 |
|
|a eng
|
| 082 |
0 |
|
|a 618.9289
|2 (22)
|
| 100 |
1 |
|
|a Kearney, Christopher A.
|
| 245 |
1 |
0 |
|a Casebook in child behavior disorders /
|c Christopher A. Kearney
|
| 250 |
|
|
|a 3rd ed.
|
| 260 |
|
|
|a Belmont, CA :
|b Thomson,
|c c2006
|
| 300 |
|
|
|a xii, 220 σ.;
|c 24 εκ.
|
| 504 |
|
|
|a Περιλαμβάνει βιβλιογραφίες και ευρετήριο
|
| 650 |
0 |
0 |
|a Child psychopathology
|x Case studies.
|
| 852 |
|
|
|a INST
|b RHODES
|e 20080212
|h 618.9289 KEA
|p 005400029942
|q 005400029942
|t BK
|y 0
|
| 901 |
|
|
|a BIBL4-2008-1
|
| 909 |
|
|
|a Ρ
|b 144806
|
| 922 |
|
|
|a 4ΕΛΗ
|b 200801
|c ΕΠΕΑΕΚ2/ΤΕΠΑΕΣ
|d ΕΛΕΥΘΕΡΟΥΔΑΚΗΣ
|
| 970 |
|
|
|a ΜΙΣΣΟΣ
|b ΣΤΑΥΡΟΣ
|z 2008/02/12
|